000 00547nam a22001937a 4500
003 MPLRDC
005 20220104192216.0
008 210129b ||||| |||| 00| 0 eng d
020 _a978-988-216-283-9
082 _a855 TJ-33
100 _a陶杰
245 _a砧板上的洗脑宣言
_c
250 _a香港初版一刷
260 _a香港
_b皇冠出版社(香港)有限公司
_c2012
300 _b
490 _a陶杰作品: 42: 香港皇冠丛书第一二四五种
650 _a散文;随笔、日记
942 _cBK
_o855 TJ-33
999 _c64612
_d64602